• 首页
  • 本馆介绍
  • 公告通知
  • 最新文献
  • 馆藏检索
  • 电子资源
  • 读者导购
  • 参考咨询
  • 我的图书馆
  • 登录
  • 详细信息显示
  • 放入我的书架
  • 预约/预借图书
  • 作者相关作品
  • 分类相关作品
  • 丛书相关作品
  • 出版社相关作品

书目信息

  • 表格格式
  • 工作单格式
  • 卡片格式
题名:
国外职业技术教育
    
 
作者: 周蕖 著 ;国家教育委员会职业技术教育司 组织编写
分册:  
出版信息: 北京   北京师范大学出版社  1994
页数: 141页
开本: 20cm
丛书名:
单 册:
中图分类: G719.1
科图分类:
主题词: 技术教育--概况--外国--教材 , 技术教育
电子资源:
ISBN: 7-303-02489-1
000 00851nam0 2200253 450
001 1549328845
005 20150205134222.04
010    @a7-303-02489-1@dCNY6.00
100    @a19960727e19951994em y0chiy0110 ea
101 0  @achi
102    @aCN@b110000
105    @ay z 000yy
200 1  @a国外职业技术教育@9guo wai zhi ye ji shu jiao yu@f周 蕖等著@g国家教育委员会职业技术教育司组织编写
210    @a北京@c北京师范大学出版社@d1994@h1995重印
215    @a141页@d20cm
300    @a全国职业技术学校校长岗位培训教材
314    @a周蕖,北京师范大学外国教育研究所教授
606 0  @a技术教育@x概况@y外国@x教材
606 0  @a技术教育
690    @aG719.1
701  0 @a周蕖@9zhou qu@4著
712 02 @a国家教育委员会职业技术教育司@9guo jia jiao yu wei yuan hui zhi ye ji shu jiao yu si@4组织编写
801  0 @aCN@bTSSF@c20150205
905    @aZUCC@dG719.1@eJY4
    
    国外职业技术教育/周 蕖等著/国家教育委员会职业技术教育司组织编写.-北京:北京师范大学出版社,1994(1995重印)
    141页;20cm
    全国职业技术学校校长岗位培训教材
    
    ISBN 7-303-02489-1:CNY6.00
    
●
相关链接 在E读中查询图书 在五车中查询图书 在当当中查询图书 在豆瓣中查询图书


正题名:国外职业技术教育     索取号:G719.1/JY4         预约/预借

序号 登录号 条形码 馆藏地/架位号 状态 备注
1 7865846   278658463   学院路分馆/ [索取号:G719.1/JY4] 在馆    
唐山师范学院图书馆 欢迎您!
大连网信软件有限公司© 版权所有